Klavier-Sonate in B dur

Hlavní autor: Kuhnau, Johann, 1660-1722
Další autoři: Niemann, Walter, 1876-1953
Jazyk: Nelze použít, není lingvistický obsah
Vydáno: Liepzig : Breitkopf & Härtel, 1905
Edice: Meisterwerke Deutscher Tonkunst
Fyzický popis: 13 s.
Hudebniny Hudebniny
Uloženo v:
LEADER 00897ncm a22002532a 4500
001 000566193
003 CZ BrMZK
005 20120809093309.0
007 qu
008 000105s1905 gw f zxx d
040 |a BOA001  |b cze 
072 7 |a 786  |x Hudba pro klávesové nástroje  |2 Konspekt  |9 9 
100 1 |a Kuhnau, Johann,  |d 1660-1722  |7 xx0012790  |4 cmp 
245 1 0 |a Klavier-Sonate in B dur  |h [hudebnina] /  |c Johann Kuhnau ; Ausg. für praktischen Gebrauch von Walter Niemann 
260 |a Liepzig :  |b Breitkopf & Härtel,  |c 1905 
300 |a 13 s. 
490 1 |a Meisterwerke Deutscher Tonkunst 
500 |a Pro klavír 
700 1 |a Niemann, Walter,  |d 1876-1953  |7 jn20010601279  |4 edt 
830 0 |a Meisterwerke Deutscher Tonkunst 
910 |a BOA001  |b Mus4-0579.567 
990 |a MU 
991 |b 201208 
996 6 |b 2619731654  |c Mus4-0579.567  |l MZK  |r Sklad / do 1 hodiny  |n 1  |w 000566193  |u 000010  |a 1  |e BOA001  |j MZK50  |s P